000 00701nam a2200289Ia 4500
005 20260324145625.0
008 008 260324s9999 xx 000 0 eng d
020 _a9781351074056
037 _aEBOOK
040 _aCRL
040 _beng
040 _cCRL
041 _2eng
041 _aeng
084 _qCRL
100 _aT.Kent. Kirk
_91223617
245 0 _aLignin Biodegradation: Microbiology, Chemistry, and Potential Applications
245 0 _bVolume II
260 _bTaylor and Francis
260 _c1980
365 _a
365 _b375
856 _uhttp://www.taylorfrancis.com/books/9781351074056
942 _cEBOOK
999 _c1831779
_d1831779